000 00537aas a22001814i 4500
999 _c49688
_d49688
001 768714001
003 CO-MdFUSB
005 20180410173217.0
008 170428b1994 sp ||||| |||| 00| 0 spa d
040 _aCO-MdFUSB
_bspa
_cCO-MdFUSB
_dCO-MdFUSB
041 _aspa
100 1 _aBigg, Derek
_eautor
245 0 0 _aViviendo en el temor de Dios
300 _aVolumen 1, (1994) páginas 45 - 55
_c: 21 cm.
650 0 _919
_aVida cristiana
773 0 _tAndamio
_049451
_960447
_gVolumen 1, (1994) páginas 45 - 55
_qPágina 45
942 _cANA